Normal view
MARC view
- كامل، عبد الهادي؛ تقديم غياث عبد الهادي كامل
Entry Personal Name
001 - CONTROL NUMBER
- control field: 52117
003 - CONTROL NUMBER IDENTIFIER
- control field: JO-AjAnu
005 - DATE AND TIME OF LATEST TRANSACTION
- control field: 20230606082553.0
008 - FIXED-LENGTH DATA ELEMENTS
- fixed length control field: 230606|| aca||aabn | a|a d
040 ## - CATALOGING SOURCE
- Original cataloging agency: JO-AjAnu
- Transcribing agency: JO-AjAnu
100 ## - HEADING--PERSONAL NAME
- Personal name: كامل، عبد الهادي؛ تقديم غياث عبد الهادي كامل
670 ## - SOURCE DATA FOUND
- Source citation: Work cat.: (JO-AjAnu)26635: كامل، عبد الهادي؛ تقديم غياث عبد الهادي كامل, author, قلب شاعر